La política pública de la educación parvularia chilena : una mirada desde la historia y su actualidad

Detalles Bibliográficos
Autor principal: Alderstein, Cynthia
Formato: Libro
Lenguaje:español

MARC

LEADER 00000cam a2200000 a 4500
001 030280
003 UAHC_CL
005 20210531134416.0
008 130412s2012 xx 000 0 spa
040 |a UAHC_CL  |c UAHC_CL  |d UAHC_CL 
100 1 |a Alderstein, Cynthia 
245 1 3 |a La política pública de la educación parvularia chilena :  |b una mirada desde la historia y su actualidad   |c Cynthia Alderstein G. 
300 |a pp 4-17 
500 |a Docencia: hacia un movimiento pedagógico nacional (48), 2012. pp. 30-45 
900 |a DOCENCIA-48/12 
942 |c BK  |2 ddc 
999 |c 30280  |d 30280